00816 2200301 4500001002100000005001500021035002500036007000300061008004100064020002200105040001700127082001400144084001600158100002100174245008200195250001100277260004100288300002200329650002200351700001700373850001200390090002000402090002100422041000800443999002100451990002100472990002100493INLIS00000000002589320190801114453 a0010-031700000000003ta170301s2017 yoi g ind d a978-602-8328-96-8 aYOPDYOGbind04223a929.4 a929.4 ADI k0 aAdinda Saraswati10aKoleksi nama bayi :binspiratif /cAdinda Saraswati ; penyunting, F. Agustina aCet.1.31aYogyakarta :bPustaka Anggrek,c2017 a297 hlm. ;c23 cm 4aNama pribadi-Bayi1 aAgustina, F. aYOPDYOG aDEP 929.4 ADI k aCB-D.11 2017-0740 aind aCB-D.11/2017-074 aCB-D.11/2017-074 aCB-D.11/2017-074